Derecho de alimentos: compendio de normas nacionales e internacionales. Actualizado a enero de 2007

Gorde:
Xehetasun bibliografikoak
Egile korporatiboa: Servicio Nacional de la Mujer (Egilea), SERNAM (Egilea)
Formatua: Liburua
Hizkuntza:gaztelania
Argitaratua: Santiago Gobierno de Chile 2007
Edizioa:1a. ed
Gaiak:
Etiketak: Etiketa erantsi
Etiketarik gabe, Izan zaitez lehena erregistro honi etiketa jartzen!

MARC

LEADER 00000nam a2200000 a 4500
001 UCJ9059
003 CL-VaPUC
008 070302e20070000CL |||||||||||||||||spa|d
020 |a 9789567685011 
082 0 4 |a 346.0172  |b SER  |2 21 
110 2 |a Servicio Nacional de la Mujer  |e author  |9 518967 
710 2 |a SERNAM  |e author  |9 518968 
245 1 0 |a Derecho de alimentos: compendio de normas nacionales e internacionales. Actualizado a enero de 2007 
250 |a 1a. ed 
300 |a 95 p 
942 |c BK 
945 |d 20070302 00:00:00  |a cmena 
260 |a Santiago  |b Gobierno de Chile  |c 2007 
650 0 |a Derecho internacional  |9 255637 
650 0 |a Tratados internacionales   |9 256056 
650 0 |a Mediación  |9 338396 
650 0 |a Derecho de familia  |9 255603 
650 0 |a Jurisprudencia  |9 255952 
650 0 |a Derecho de alimentos   |9 258635 
650 0 |a Juicio de alimentos  |9 336568 
583 |a last modification  |c 20130328 13:31:52  |k Rodrigo Vera 
999 |c 324698  |d 324696 
952 |0 0  |1 0  |4 0  |6 346_017200000000000_SER_2007  |7 0  |8 ?  |9 405015  |a BIBDER  |b BIBDER  |d 2019-11-22  |i 449329K  |o 346.0172 SER 2007  |p 449329K  |r 2019-11-22  |w 2019-11-22  |y BK  |k DER 
952 |0 0  |1 0  |2 ddc  |4 0  |6 346_017200000000000_SER_2007  |7 0  |9 405016  |a BIBDER  |b BIBDER  |d 2019-11-22  |i 4493303  |o 346.0172 SER 2007  |p 4493303  |r 2023-01-25  |w 2019-11-22  |y MX  |k DER 
952 |0 0  |1 0  |2 ddc  |4 0  |6 346_017200000000000_SER_2007  |7 0  |9 405018  |a BIBDER  |b BIBDER  |d 2019-11-22  |i 4493338  |o 346.0172 SER 2007  |p 4493338  |r 2023-01-25  |w 2019-11-22  |y MX  |k DER 
952 |0 0  |1 0  |2 ddc  |4 0  |6 346_017200000000000_SER_2007  |7 0  |9 405019  |a BIBDER  |b BIBDER  |d 2019-11-22  |i 4493354  |o 346.0172 SER 2007  |p 4493354  |r 2023-01-25  |w 2019-11-22  |y MX  |k DER